[Event "83. Hastings International Congress"]
[Site "Hastings ENG"]
[Date "2008.01.06"]
[Round "10.1"]
[White "Mamedov, Nidjat"]
[Black "Malakhatko, Vadim"]
[Result "1/2-1/2"]
[WhiteElo "2565"]
[BlackElo "2596"]
[PlyCount "28"]
[EventDate "2007.12.28"]
[EventType "swiss"]
[EventRounds "10"]
[EventCountry "ENG"]
[Source "lmi"]
[SourceDate "2007.12.28"]

1. e4 e5 2. Nf3 Nf6 3. Nxe5 d6 4. Nf3 Nxe4 5. Nc3 Nxc3 6. dxc3 Be7 7. Bf4 Nc6
8. Qd2 Be6 9. O-O-O Qd7 10. Ng5 Bxg5 11. Bxg5 f6 12. Be3 O-O-O 13. Be2 Rhe8 14.
Rhe1 a6 1/2-1/2

[Event "83. Hastings International Congress"]
[Site "Hastings ENG"]
[Date "2008.01.06"]
[Round "10.4"]
[White "Lalic, Bogdan"]
[Black "Flear, Glenn C"]
[Result "1/2-1/2"]
[WhiteElo "2500"]
[BlackElo "2493"]
[PlyCount "29"]
[EventDate "2007.12.28"]
[EventType "swiss"]
[EventRounds "10"]
[EventCountry "ENG"]
[Source "lmi"]
[SourceDate "2007.12.28"]

1. d4 d5 2. c4 c6 3. Nf3 Nf6 4. Nc3 e6 5. Bg5 Nbd7 6. cxd5 exd5 7. e3 Be7 8.
Qc2 Nh5 9. Bxe7 Qxe7 10. O-O-O Nb6 11. h3 g6 12. g4 Ng7 13. Bd3 Be6 14. Kb1
O-O-O 15. Na4 1/2-1/2

[Event "83. Hastings International Congress"]
[Site "Hastings ENG"]
[Date "2008.01.06"]
[Round "10.5"]
[White "Eames, Robert"]
[Black "Conquest, Stuart"]
[Result "1/2-1/2"]
[WhiteElo "2304"]
[BlackElo "2540"]
[PlyCount "99"]
[EventDate "2007.12.28"]
[EventType "swiss"]
[EventRounds "10"]
[EventCountry "ENG"]
[Source "lmi"]
[SourceDate "2007.12.28"]

1. d4 Nf6 2. c4 e6 3. Nc3 Bb4 4. Qc2 O-O 5. a3 Bxc3+ 6. Qxc3 Ne4 7. Qc2 f5 8.
Nh3 d6 9. f3 Nf6 10. Bd2 Qe7 11. O-O-O e5 12. d5 Na6 13. e3 Bd7 14. b4 Kh8 15.
Bd3 Rac8 16. Ng5 Nxd5 17. h4 Nb6 18. g4 Qf6 19. Bc3 Nb8 20. f4 Nc6 21. Rdf1
Rce8 22. fxe5 Nxe5 23. Bxf5 Ba4 24. Qe2 Qe7 25. Bxh7 Nbxc4 26. Bf5 Bc6 27. Ne6
Rf6 28. Nf4 Kg8 29. e4 b5 30. g5 Rxf5 31. exf5 Bxh1 32. Rxh1 Qd7 33. Qe4 c6 34.
Ne6 g6 35. Nd4 d5 36. Qe2 gxf5 37. Re1 f4 38. Kc2 Ne3+ 39. Kb3 a5 40. Qh5 axb4
41. axb4 Ra8 42. g6 Nd3 43. Rxe3 fxe3 44. Nf5 d4 45. Nh6+ Kf8 46. g7+ Kxg7 47.
Nf5+ Kf8 48. Qh6+ Kg8 49. Qg6+ Kf8 50. Qh6+ 1/2-1/2

[Event "83. Hastings International Congress"]
[Site "Hastings ENG"]
[Date "2008.01.06"]
[Round "10.6"]
[White "Pavlovic, Milos"]
[Black "Williams, Simon Kim"]
[Result "1-0"]
[WhiteElo "2536"]
[BlackElo "2475"]
[PlyCount "67"]
[EventDate "2007.12.28"]
[EventType "swiss"]
[EventRounds "10"]
[EventCountry "ENG"]
[Source "lmi"]
[SourceDate "2007.12.28"]

1. d4 e6 2. e3 f5 3. Bd3 Nf6 4. Nf3 b6 5. O-O Bb7 6. c4 Ne4 7. Ne5 Qh4 8. f4
Be7 9. d5 exd5 10. cxd5 Bxd5 11. Bxe4 Bxe4 12. Nc3 Bc6 13. Nd5 Bd6 14. Nc4 Qh6
15. Qd4 O-O 16. b4 Qe6 17. Bb2 Rf7 18. e4 fxe4 19. Nde3 Bxb4 20. f5 Qh6 21. Kh1
Bc5 22. Qc3 d6 23. f6 g6 24. Ng4 Qh4 25. h3 Nd7 26. Nce3 Re8 27. Qb3 Ne5 28.
Bxe5 dxe5 29. Rad1 Kf8 30. Rc1 Rd7 31. f7 Ree7 32. Rxc5 Rd3 33. Qb2 h5 34. Nxe5
1-0

[Event "83. Hastings International Congress"]
[Site "Hastings ENG"]
[Date "2008.01.06"]
[Round "10.8"]
[White "Gormally, Daniel"]
[Black "Greet, Andrew"]
[Result "1/2-1/2"]
[WhiteElo "2484"]
[BlackElo "2441"]
[PlyCount "74"]
[EventDate "2007.12.28"]
[EventType "swiss"]
[EventRounds "10"]
[EventCountry "ENG"]
[Source "lmi"]
[SourceDate "2007.12.28"]

1. d4 Nf6 2. c4 e6 3. g3 Bb4+ 4. Bd2 Qe7 5. Bg2 Nc6 6. Nf3 Bxd2+ 7. Nbxd2 O-O
8. O-O d6 9. e4 e5 10. d5 Nb8 11. Ne1 a5 12. Nd3 Na6 13. b3 c6 14. a3 cxd5 15.
cxd5 Bd7 16. Nc4 Bb5 17. Nb6 Rab8 18. a4 Bxd3 19. Qxd3 Nc5 20. Qe3 Qc7 21. Nc4
b5 22. axb5 Rxb5 23. Ra3 Nxb3 24. Nxd6 Qxd6 25. Rxb3 Rxb3 26. Qxb3 Rb8 27. Qc3
a4 28. Qa5 Qb4 29. Qa7 Rc8 30. Ra1 Nxe4 31. Bxe4 Qxe4 32. d6 Qc6 33. Qe7 Re8
34. Qc7 Rc8 35. Qe7 Re8 36. Qc7 Rc8 37. Qe7 Re8 1/2-1/2

[Event "83. Hastings International Congress"]
[Site "Hastings ENG"]
[Date "2008.01.06"]
[Round "10.9"]
[White "Hebden, Mark"]
[Black "Collins, Sam"]
[Result "1/2-1/2"]
[WhiteElo "2542"]
[BlackElo "2401"]
[PlyCount "202"]
[EventDate "2007.12.28"]
[EventType "swiss"]
[EventRounds "10"]
[EventCountry "ENG"]
[Source "lmi"]
[SourceDate "2007.12.28"]

1. d4 d5 2. Nf3 Nf6 3. c4 e6 4. Bg5 h6 5. Bxf6 Qxf6 6. Nc3 c6 7. e3 Nd7 8. Bd3
dxc4 9. Bxc4 g6 10. O-O Bg7 11. Qc2 O-O 12. Rad1 Qe7 13. Bb3 a6 14. Rfe1 b5 15.
Ne4 Bb7 16. Nc5 Nxc5 17. dxc5 Rfd8 18. Nd2 a5 19. a4 Be5 20. f4 Bc7 21. Ne4 f5
22. axb5 a4 23. Ba2 fxe4 24. b6 Bxb6 25. cxb6 c5 26. Rxd8+ Rxd8 27. Rd1 Bd5 28.
Bxd5 exd5 29. Qxa4 d4 30. exd4 e3 31. Qb3+ Kh7 32. d5 Qe4 33. Re1 e2 34. Qf3
Qd4+ 35. Kh1 Re8 36. f5 Qd2 37. fxg6+ Kxg6 38. Qg3+ Kh7 39. h3 Qxd5 40. Qf3
Qxf3 41. gxf3 Rb8 42. Rxe2 Rxb6 43. Kg2 Rb4 44. Kg3 Kg6 45. h4 Kf5 46. h5 Kg5
47. Re5+ Kf6 48. Rxc5 Rxb2 49. Kg4 Rb4+ 50. f4 Rb6 51. Rc7 Rb1 52. Rc6+ Kg7 53.
Rg6+ Kh7 54. Re6 Kg7 55. Rg6+ Kh7 56. Rd6 Kg7 57. Kf5 Rb7 58. Ke5 Re7+ 59. Re6
Ra7 60. Rg6+ Kh7 61. Rd6 Kg7 62. f5 Kf7 63. Rxh6 Ra5+ 64. Kf4 Ra1 65. Rb6 Rf1+
66. Kg5 Rg1+ 67. Kh6 Rf1 68. Rb5 Rh1 69. Rb2 Kf6 70. Rf2 Rh3 71. Rf1 Rh2 72.
Rg1 Kxf5 73. Rf1+ Ke6 74. Kg6 Rg2+ 75. Kh7 Ke7 76. Rf5 Rg1 77. h6 Rg2 78. Kh8
Rg6 79. Kh7 Rg1 80. Ra5 Kf7 81. Ra7+ Kf8 82. Rg7 Rh1 83. Rg5 Kf7 84. Rf5+ Ke6
85. Rb5 Kf7 86. Rb6 Rh2 87. Kh8 Rh1 88. Kh7 Rh2 89. Rb7+ Kf6 90. Rb1 Kf7 91.
Rb8 Rh1 92. Rb2 Rg1 93. Rf2+ Ke7 94. Rf5 Rg2 95. Rc5 Kf7 96. Rc7+ Kf8 97. Rc8+
Kf7 98. Kh8 Rg1 99. h7 Rg2 100. Rg8 Rf2 101. Rf8+ Kxf8 1/2-1/2

[Event "83. Hastings International Congress"]
[Site "Hastings ENG"]
[Date "2008.01.06"]
[Round "10.10"]
[White "Tahirov, Farhad"]
[Black "Bogner, Sebastian"]
[Result "1-0"]
[WhiteElo "2540"]
[BlackElo "2383"]
[PlyCount "115"]
[EventDate "2007.12.28"]
[EventType "swiss"]
[EventRounds "10"]
[EventCountry "ENG"]
[Source "lmi"]
[SourceDate "2007.12.28"]

1. d4 Nf6 2. c4 g6 3. Nc3 Bg7 4. e4 d6 5. Bg5 O-O 6. Qd2 c6 7. f3 Na6 8. Nge2
e5 9. d5 h6 10. Be3 h5 11. dxc6 bxc6 12. Rd1 Be6 13. Qxd6 Qxd6 14. Rxd6 Rfd8
15. Rxd8+ Rxd8 16. Nc1 Nb4 17. Bg5 Rb8 18. b3 Nd7 19. Na4 Bf8 20. Bd3 f5 21.
Ke2 a5 22. Rd1 Nxd3 23. Rxd3 Kf7 24. Bd2 Ba3 25. Rc3 fxe4 26. fxe4 Nf6 27. Nd3
Nxe4 28. Nxe5+ Kg7 29. Re3 Nxd2 30. Nxc6 Bg4+ 31. Kxd2 Rf8 32. Ke1 h4 33. Nc3
Bc5 34. Re4 Bh5 35. Nd4 Bb4 36. Ne6+ Kf7 37. Kd2 Ra8 38. a3 Bxa3 39. Nd5 Rb8
40. Ng5+ Kg7 41. Ne6+ Kf7 42. Ng5+ Kg7 43. Rxh4 a4 44. bxa4 Rb2+ 45. Kc3 Rxg2
46. Ne6+ Kh6 47. a5 Bd6 48. c5 Bxh2 49. a6 Ra2 50. Rxh2 Rxh2 51. c6 Bg4 52.
Ndf4 Bf5 53. a7 Ra2 54. c7 Be4 55. Nc5 Bf5 56. Nfe6 Bxe6 57. Nxe6 Ra1 58. Kb2
1-0

[Event "83. Hastings International Congress"]
[Site "Hastings ENG"]
[Date "2008.01.06"]
[Round "10.11"]
[White "Haslinger, Stewart"]
[Black "Abu Sufian, Sakil"]
[Result "1-0"]
[WhiteElo "2502"]
[BlackElo "2361"]
[PlyCount "45"]
[EventDate "2007.12.28"]
[EventType "swiss"]
[EventRounds "10"]
[EventCountry "ENG"]
[Source "lmi"]
[SourceDate "2007.12.28"]

1. e4 c5 2. Nf3 d6 3. d4 cxd4 4. Nxd4 Nf6 5. Nc3 g6 6. Be3 Bg7 7. f3 O-O 8. Qd2
Nc6 9. O-O-O d5 10. exd5 Nxd5 11. Nxc6 bxc6 12. Bd4 Bxd4 13. Qxd4 Qc7 14. Qc5
Nxc3 15. Qxc3 Be6 16. h4 c5 17. h5 Rfd8 18. Bd3 Qf4+ 19. Kb1 Qd4 20. hxg6 hxg6
21. Qa5 Qb4 22. Qc7 Rab8 23. Qe5 1-0

[Event "83. Hastings International Congress"]
[Site "Hastings ENG"]
[Date "2008.01.06"]
[Round "10.12"]
[White "Islam, Kh Aminul"]
[Black "Sengupta, Deep"]
[Result "1/2-1/2"]
[WhiteElo "2390"]
[BlackElo "2447"]
[PlyCount "46"]
[EventDate "2007.12.28"]
[EventType "swiss"]
[EventRounds "10"]
[EventCountry "ENG"]
[Source "lmi"]
[SourceDate "2007.12.28"]

1. d4 e6 2. c4 b6 3. Nf3 Bb7 4. Bg5 Bb4+ 5. Nc3 Ne7 6. Qb3 Na6 7. Rd1 O-O 8. e3
f6 9. Bf4 Ng6 10. Bg3 Qe7 11. a3 Ba5 12. Qc2 Bxc3+ 13. Qxc3 d6 14. h4 Rfd8 15.
h5 Nf8 16. Be2 e5 17. dxe5 dxe5 18. Rxd8 Rxd8 19. b4 c5 20. b5 Nc7 21. O-O Nce6
22. Qc2 Rd7 23. Rd1 Nd8 1/2-1/2

[Event "83. Hastings International Congress"]
[Site "Hastings ENG"]
[Date "2008.01.06"]
[Round "10.14"]
[White "Goodger, Martyn"]
[Black "Houska, Jovanka"]
[Result "0-1"]
[WhiteElo "2067"]
[BlackElo "2404"]
[PlyCount "78"]
[EventDate "2007.12.28"]
[EventType "swiss"]
[EventRounds "10"]
[EventCountry "ENG"]
[Source "lmi"]
[SourceDate "2007.12.28"]

1. e4 c6 2. c4 d5 3. cxd5 cxd5 4. exd5 Nf6 5. Nc3 Nxd5 6. Nf3 Nc6 7. Bb5 e6 8.
O-O Be7 9. d4 O-O 10. Re1 Bd7 11. Bd3 Nf6 12. a3 Rc8 13. Bc2 Qa5 14. Qd3 Rfd8
15. Bg5 g6 16. Rad1 Be8 17. Qe3 Nd5 18. Nxd5 Rxd5 19. Bxe7 Nxe7 20. Bb3 Nf5 21.
Qe2 Ba4 22. Bxd5 Bxd1 23. Qe5 Bxf3 24. Bxf3 Qd2 25. Bxb7 Rc1 26. Kf1 Qxb2 27.
Rxc1 Qxc1+ 28. Qe1 Qxa3 29. g3 Qb2 30. Be4 Nxd4 31. Kg2 Qb5 32. Qa1 Qb6 33. h4
h5 34. Qa4 Nb5 35. Qa2 Kg7 36. Qb2+ Qd4 37. Qxb5 Qxe4+ 38. f3 Qc2+ 39. Kh3 Qf5+
0-1

[Event "83. Hastings International Congress"]
[Site "Hastings ENG"]
[Date "2008.01.06"]
[Round "10.15"]
[White "Hagesaether, Arne"]
[Black "Georgiev, Vladimir"]
[Result "0-1"]
[WhiteElo "2153"]
[BlackElo "2576"]
[PlyCount "40"]
[EventDate "2007.12.28"]
[EventType "swiss"]
[EventRounds "10"]
[EventCountry "ENG"]
[Source "lmi"]
[SourceDate "2007.12.28"]

1. e4 e5 2. Nf3 Nc6 3. Bb5 a6 4. Ba4 Nf6 5. O-O Bc5 6. c3 b5 7. Bc2 d6 8. a4
Bg4 9. b4 Ba7 10. h3 Bh5 11. Qe2 O-O 12. d3 d5 13. g4 Nxg4 14. axb5 Nxf2 15.
bxc6 Nxd3+ 16. Be3 dxe4 17. Bxa7 exf3 18. Qe3 Nf4 19. Rxf3 Bxf3 20. Qxf3 Rxa7
0-1

[Event "83. Hastings International Congress"]
[Site "Hastings ENG"]
[Date "2008.01.06"]
[Round "10.16"]
[White "Lock, Gavin R"]
[Black "Rendle, Thomas"]
[Result "1-0"]
[WhiteElo "2215"]
[BlackElo "2397"]
[PlyCount "93"]
[EventDate "2007.12.28"]
[EventType "swiss"]
[EventRounds "10"]
[EventCountry "ENG"]
[Source "lmi"]
[SourceDate "2007.12.28"]

1. Nf3 f5 2. d3 d6 3. e4 e5 4. Nc3 Nc6 5. exf5 Bxf5 6. d4 exd4 7. Nxd4 Nxd4 8.
Qxd4 Nf6 9. Bc4 c6 10. Bg5 d5 11. O-O-O Be7 12. Qe5 Qd7 13. Rhe1 Kf8 14. Nxd5
cxd5 15. Bb5 Qe6 16. Qxe6 Bxe6 17. Rxe6 Kf7 18. Re2 h6 19. Be3 Rhd8 20. Ba4 b6
21. Bb3 Rac8 22. Bd4 Bc5 23. f3 Rc7 24. g4 Bd6 25. h4 Bf4+ 26. Kb1 Re7 27. Rde1
Rxe2 28. Rxe2 Bg3 29. h5 Bd6 30. Bxf6 Kxf6 31. Bxd5 Kg5 32. c4 Rd7 33. Kc2 Re7
34. Rxe7 Bxe7 35. Kb3 Bf6 36. Ka3 a5 37. b3 Bd4 38. Ka4 Kf4 39. Kb5 Bc5 40. a3
Ke5 41. b4 axb4 42. axb4 Be3 43. Kc6 Bd4 44. c5 bxc5 45. b5 Kf6 46. b6 Be5 47.
Kd7 1-0

[Event "83. Hastings International Congress"]
[Site "Hastings ENG"]
[Date "2008.01.06"]
[Round "10.17"]
[White "Zozulia, Anna"]
[Black "Hasan, Mehdi"]
[Result "1-0"]
[WhiteElo "2343"]
[BlackElo "2287"]
[PlyCount "32"]
[EventDate "2007.12.28"]
[EventType "swiss"]
[EventRounds "10"]
[EventCountry "ENG"]
[Source "lmi"]
[SourceDate "2007.12.28"]

1. e4 e5 2. Nf3 Nc6 3. Bb5 a6 4. Ba4 Nf6 5. O-O b5 6. Bb3 Bc5 7. a4 Rb8 8. c3
d6 9. d4 Bb6 10. axb5 axb5 11. Qd3 O-O 12. Na3 Qe8 13. Bd5 Kh8 14. Nxb5 Na5 15.
Bc4 Bd7 16. dxe5 Nxc4 1-0

[Event "83. Hastings International Congress"]
[Site "Hastings ENG"]
[Date "2008.01.06"]
[Round "10.18"]
[White "Prosviriakov, Vladimir"]
[Black "Furman, Boris"]
[Result "1-0"]
[WhiteElo "2319"]
[BlackElo "2264"]
[PlyCount "55"]
[EventDate "2007.12.28"]
[EventType "swiss"]
[EventRounds "10"]
[EventCountry "ENG"]
[Source "lmi"]
[SourceDate "2007.12.28"]

1. Nf3 d5 2. d4 Nf6 3. e3 e6 4. Bd3 c5 5. b3 Nc6 6. Bb2 Bd6 7. O-O b6 8. Nbd2
Bb7 9. Ne5 Qe7 10. a3 a6 11. f4 b5 12. c4 bxc4 13. bxc4 O-O 14. Qc2 Na5 15.
cxd5 exd5 16. Qa4 Qc7 17. dxc5 Bxc5 18. Bd4 Bxd4 19. Qxd4 Rac8 20. Bf5 Rcd8 21.
Rfc1 Qd6 22. Rab1 Bc8 23. Rb6 Qe7 24. Bd3 Nc4 25. Nc6 Qc7 26. Bxc4 dxc4 27.
Nxd8 Rxd8 28. Rxc4 1-0

[Event "83. Hastings International Congress"]
[Site "Hastings ENG"]
[Date "2008.01.06"]
[Round "10.19"]
[White "Thompson, Ian D"]
[Black "Huizer, Mark"]
[Result "0-1"]
[WhiteElo "2309"]
[BlackElo "2201"]
[PlyCount "86"]
[EventDate "2007.12.28"]
[EventType "swiss"]
[EventRounds "10"]
[EventCountry "ENG"]
[Source "lmi"]
[SourceDate "2007.12.28"]

1. c4 Nf6 2. g3 g6 3. Bg2 d5 4. cxd5 Nxd5 5. Nc3 Nb6 6. d3 Bg7 7. Be3 Nc6 8.
Qd2 e5 9. Bh6 O-O 10. Bxg7 Kxg7 11. Bxc6 bxc6 12. h4 h5 13. Nf3 Qe7 14. Rc1 Bf5
15. Nd1 Rfe8 16. Ne3 Bd7 17. O-O f6 18. Qa5 Red8 19. Nd2 Be8 20. Rc5 Nc8 21.
Rc2 Nd6 22. a4 Rdb8 23. Nec4 Nf5 24. e3 Rd8 25. Rc3 a6 26. Ne4 Rd5 27. Rfc1
Rxa5 28. Nxa5 Rd8 29. Nxc6 Bxc6 30. Rxc6 Rxd3 31. Nc5 Rd6 32. Rxc7 Qxc7 33.
Ne6+ Rxe6 34. Rxc7+ Kf8 35. b4 Ne7 36. b5 axb5 37. axb5 Rb6 38. Rc5 Nf5 39. g4
hxg4 40. Rc4 Kg7 41. Rxg4 Rxb5 42. e4 Nd4 43. Kg2 Ne2 0-1

[Event "83. Hastings International Congress"]
[Site "Hastings ENG"]
[Date "2008.01.06"]
[Round "10.20"]
[White "Zhou, Yang-Fan"]
[Black "Marusenko, Petr"]
[Result "0-1"]
[WhiteElo "2068"]
[BlackElo "2304"]
[PlyCount "59"]
[EventDate "2007.12.28"]
[EventType "swiss"]
[EventRounds "10"]
[EventCountry "ENG"]
[Source "lmi"]
[SourceDate "2007.12.28"]

1. e4 c5 2. Nf3 Nc6 3. d4 cxd4 4. Nxd4 Nf6 5. Nc3 d6 6. Be2 g6 7. O-O Bg7 8.
Bg5 O-O 9. Nb3 Bd7 10. Re1 a5 11. a4 Rc8 12. Bf1 Nb4 13. Nd4 Qb6 14. Ncb5 Qc5
15. Qd2 Bxb5 16. Bxb5 Nxc2 17. Rac1 Qxd4 18. Rxc2 Qxd2 19. Rxd2 h6 20. Be3 Nxe4
21. Rde2 d5 22. Bb6 e6 23. Bxa5 Bd4 24. Rd1 Bc5 25. Be1 Rc7 26. Bd3 Nd6 27. b4
Ba7 28. a5 Nf5 29. Bxf5 gxf5 30. Rc2 0-1

[Event "83. Hastings International Congress"]
[Site "Hastings ENG"]
[Date "2008.01.06"]
[Round "10.21"]
[White "Grant, Alan"]
[Black "Heinis, Vincent"]
[Result "1/2-1/2"]
[WhiteElo "2251"]
[BlackElo "2202"]
[PlyCount "40"]
[EventDate "2007.12.28"]
[EventType "swiss"]
[EventRounds "10"]
[EventCountry "ENG"]
[Source "lmi"]
[SourceDate "2007.12.28"]

1. Nf3 Nf6 2. c4 g6 3. Nc3 Bg7 4. g3 d6 5. Bg2 O-O 6. O-O Nc6 7. d3 e5 8. Rb1
a5 9. h3 h6 10. e4 Kh7 11. Be3 Be6 12. Nd5 Ng8 13. Nh4 Nd4 14. Bxd4 exd4 15. f4
Bc8 16. f5 g5 17. f6 Nxf6 18. Nxf6+ Bxf6 19. Nf5 Bxf5 20. Rxf5 Be5 1/2-1/2

[Event "83. Hastings International Congress"]
[Site "Hastings ENG"]
[Date "2008.01.06"]
[Round "10.22"]
[White "Fruteau, Sabine"]
[Black "Bates, Richard"]
[Result "0-1"]
[WhiteElo "2169"]
[BlackElo "2378"]
[PlyCount "130"]
[EventDate "2007.12.28"]
[EventType "swiss"]
[EventRounds "10"]
[EventCountry "ENG"]
[Source "lmi"]
[SourceDate "2007.12.28"]

1. e4 c5 2. Nf3 d6 3. d4 cxd4 4. Qxd4 a6 5. c4 Nc6 6. Qd2 Nf6 7. Nc3 g6 8. Be2
Bg7 9. O-O O-O 10. Rd1 Bg4 11. Rb1 Rc8 12. b3 b5 13. cxb5 axb5 14. Bxb5 Bxf3
15. gxf3 Ne5 16. Kg2 Nh5 17. Ne2 Rc5 18. Bc4 Nxc4 19. bxc4 Rxc4 20. Bb2 Bxb2
21. Rxb2 Qc7 22. Rdb1 Rc8 23. Rb7 Qd8 24. Qg5 Nf6 25. Ng3 e6 26. Qb5 Kg7 27. a4
h5 28. h4 R8c5 29. Qb6 Qxb6 30. R1xb6 g5 31. hxg5 Rxg5 32. Rb5 d5 33. Kh3 Rxa4
34. f4 Rxg3+ 35. fxg3 Nxe4 36. Rb2 Kg6 37. R7b4 Ra1 38. Kg2 Kf5 39. Rb7 Nd6 40.
Rd7 Ra6 41. Re2 Kg6 42. Rd8 Nf5 43. Rg8+ Kf6 44. Rb2 Ra3 45. Kh2 Rf3 46. Kg2
Rc3 47. Kh2 d4 48. Rd2 Re3 49. Rd8 Re4 50. Rd7 Kg6 51. Kg2 Re3 52. R7xd4 Nxd4
53. Rxd4 Kf5 54. Kh3 Re2 55. Ra4 f6 56. Ra8 Re1 57. Ra5+ Ke4 58. Kg2 Re2+ 59.
Kh3 Kf3 60. Ra3+ Re3 61. Ra2 e5 62. fxe5 fxe5 63. Ra8 Kf2 64. Rg8 e4 65. Kh4
Rf3 0-1

[Event "83. Hastings International Congress"]
[Site "Hastings ENG"]
[Date "2008.01.06"]
[Round "10.23"]
[White "Gurbanzade, Erkin"]
[Black "Knott, Simon JB"]
[Result "1/2-1/2"]
[WhiteElo "2179"]
[BlackElo "2366"]
[PlyCount "37"]
[EventDate "2007.12.28"]
[EventType "swiss"]
[EventRounds "10"]
[EventCountry "ENG"]
[Source "lmi"]
[SourceDate "2007.12.28"]

1. e4 e6 2. d4 d5 3. Nd2 c5 4. exd5 Qxd5 5. Ngf3 cxd4 6. Bc4 Qd6 7. O-O Nf6 8.
Nb3 Nc6 9. Nbxd4 Nxd4 10. Nxd4 a6 11. b3 Qc7 12. Bb2 Bd6 13. Nf3 O-O 14. Bxf6
gxf6 15. Qd4 Be7 16. Qh4 Kg7 17. Rae1 f5 18. Qh5 Qf4 19. Ne5 1/2-1/2

[Event "83. Hastings International Congress"]
[Site "Hastings ENG"]
[Date "2008.01.06"]
[Round "10.24"]
[White "Donovan, Nigel"]
[Black "Radovanovic, Jovica"]
[Result "0-1"]
[WhiteElo "2121"]
[BlackElo "2355"]
[PlyCount "84"]
[EventDate "2007.12.28"]
[EventType "swiss"]
[EventRounds "10"]
[EventCountry "ENG"]
[Source "lmi"]
[SourceDate "2007.12.28"]

1. e4 e5 2. Bc4 Nf6 3. d3 Bc5 4. Nf3 d6 5. c3 Bb6 6. Nbd2 c6 7. Bb3 O-O 8. O-O
Nbd7 9. h3 d5 10. Re1 Re8 11. Nh2 Nf8 12. Qf3 Ng6 13. Ndf1 a5 14. Bg5 a4 15.
Bc2 h6 16. Bxf6 Qxf6 17. Qxf6 gxf6 18. Ng4 Bxg4 19. hxg4 Red8 20. Rad1 Ba5 21.
d4 exd4 22. Rxd4 a3 23. b4 Bb6 24. Rdd1 Ne5 25. Ne3 dxe4 26. Bxe4 Bxe3 27. fxe3
Rxd1 28. Rxd1 Nxg4 29. Rd7 Rb8 30. Bf3 Ne5 31. Rc7 Kf8 32. b5 cxb5 33. Bxb7 Rd8
34. Rc8 Rxc8 35. Bxc8 Nc4 36. Kf2 Nd6 37. Bd7 Ne4+ 38. Ke1 Nxc3 39. Kd2 b4 40.
Kc2 Ke7 41. Bc6 Nxa2 42. Kb3 Nc3 0-1

[Event "83. Hastings International Congress"]
[Site "Hastings ENG"]
[Date "2008.01.06"]
[Round "10.26"]
[White "Gibson, Christopher A"]
[Black "Ledger, David"]
[Result "0-1"]
[WhiteElo "2032"]
[BlackElo "2266"]
[PlyCount "109"]
[EventDate "2007.12.28"]
[EventType "swiss"]
[EventRounds "10"]
[EventCountry "ENG"]
[Source "lmi"]
[SourceDate "2007.12.28"]

1. d4 Nf6 2. c4 e6 3. Nf3 b6 4. g3 Ba6 5. b3 b5 6. cxb5 Bxb5 7. Bg2 Bb4+ 8. Bd2
a5 9. Nc3 Bc6 10. O-O Qc8 11. Rc1 Qb7 12. Bg5 Ba3 13. Bxf6 gxf6 14. d5 exd5 15.
Nd4 Bxc1 16. Qxc1 Qb4 17. Nf5 Qc5 18. Nxd5 Qxc1 19. Rxc1 Kd8 20. Nfe7 Re8 21.
Nxc6+ dxc6 22. Nxf6 Rxe2 23. Nxh7 Rxa2 24. Bh3 Rd2 25. Ng5 Ke7 26. Re1+ Kf8 27.
Ne4 Rd3 28. Nf6 Na6 29. Nd7+ Kg7 30. Re4 Rd6 31. Re7 Rd8 32. f4 Rd2 33. Ne5 Rb2
34. Rxf7+ Kg8 35. Rd7 Rxd7 36. Nxd7 Kf7 37. Ne5+ Kf6 38. Nxc6 Ra2 39. g4 Nc5
40. g5+ Kg7 41. f5 Ne4 42. g6 Nc5 43. Nd4 Rd2 44. Nb5 Na6 45. Bg2 Rd3 46. Bf1
Rd8 47. Bc4 c6 48. Nc3 Nc5 49. Ne2 Kf6 50. Ng3 Rh8 51. Kg2 Rh4 52. Bf7 Nd3 53.
Bc4 Nf4+ 54. Kf3 Nd5 55. Ne4+ 0-1

[Event "83. Hastings International Congress"]
[Site "Hastings ENG"]
[Date "2008.01.06"]
[Round "10.27"]
[White "Sugden, John N"]
[Black "Kwiatkowski, Feliks J"]
[Result "0-1"]
[WhiteElo "2116"]
[BlackElo "2237"]
[PlyCount "100"]
[EventDate "2007.12.28"]
[EventType "swiss"]
[EventRounds "10"]
[EventCountry "ENG"]
[Source "lmi"]
[SourceDate "2007.12.28"]

1. e4 c5 2. Nc3 Nc6 3. g3 g6 4. Bg2 Bg7 5. d3 d6 6. f4 e6 7. Nf3 Nge7 8. O-O
O-O 9. Be3 b6 10. Bf2 Ba6 11. Re1 Qd7 12. g4 d5 13. e5 f6 14. exf6 Rxf6 15. Bg3
Re8 16. Qd2 Rff8 17. Nd1 d4 18. Ng5 Nd5 19. Bxd5 Qxd5 20. Nf2 Bb7 21. Nge4 e5
22. Rf1 Re7 23. f5 gxf5 24. gxf5 Rxf5 25. Ng4 Qe6 26. Rxf5 Qxf5 27. Ngf6+ Kh8
28. Rf1 Qg6 29. Qe2 Bc8 30. Kh1 Bb7 31. Nh5 Rf7 32. Rg1 Qe6 33. Bh4 Ne7 34.
Rxg7 Rxg7 35. Bf6 Nf5 36. Qg4 Qxf6 37. Nhxf6 Rxg4 38. Nxg4 Nd6 39. Ngf2 Nxe4
40. dxe4 Kg7 41. Kg2 Kf6 42. Kf3 Bc8 43. Ke2 Kg5 44. Kf3 Ba6 45. Kg3 Be2 46.
Nh3+ Kh5 47. Kf2 Kg4 48. Ng1 Bd1 49. c3 Bc2 50. Nf3 Kf4 0-1

[Event "83. Hastings International Congress"]
[Site "Hastings ENG"]
[Date "2008.01.06"]
[Round "10.28"]
[White "Snape, Ian"]
[Black "Cafferty, Bernard"]
[Result "1-0"]
[WhiteElo "2230"]
[BlackElo "2192"]
[PlyCount "119"]
[EventDate "2007.12.28"]
[EventType "swiss"]
[EventRounds "10"]
[EventCountry "ENG"]
[Source "lmi"]
[SourceDate "2007.12.28"]

1. c4 Nf6 2. Nc3 c6 3. e4 e5 4. Nf3 d6 5. d4 Nbd7 6. Be2 Be7 7. O-O O-O 8. Qc2
Qc7 9. Rd1 Re8 10. Be3 Ng4 11. Bd2 Bf8 12. h3 Ngf6 13. Be3 a6 14. a3 exd4 15.
Nxd4 Nc5 16. Bf3 g6 17. b4 Ne6 18. Nb3 Nd7 19. Qd2 Ne5 20. Be2 b5 21. Na5 Rd8
22. Rac1 Nxc4 23. Bxc4 bxc4 24. Nxc4 Rb8 25. Na5 Qd7 26. Bh6 Be7 27. Ne2 Bb7
28. Qb2 Bg5 29. Bxg5 Nxg5 30. Nc3 Ba8 31. h4 Ne6 32. Qd2 Qe7 33. Qh6 d5 34.
Nxc6 Bxc6 35. exd5 Bb7 36. dxe6 Qxe6 37. Qg5 f6 38. Qg3 Rbc8 39. h5 Qe5 40.
Rxd8+ Rxd8 41. Qxe5 fxe5 42. hxg6 hxg6 43. Rd1 Rc8 44. Na4 Rc7 45. Nc5 Bc8 46.
Rd6 Kf7 47. Nxa6 Rc1+ 48. Kh2 Ra1 49. Rc6 Rxa3 50. Rxc8 Rxa6 51. Rc2 Ke6 52. b5
Ra3 53. Rb2 Kd7 54. b6 Kc8 55. Rb5 Ra6 56. b7+ Kb8 57. Rxe5 Kxb7 58. f4 Kc7 59.
Kh3 Kd7 60. Kh4 1-0